=LDR 00000nam 2200000 4500 =001 NUTBA000000000002783 =005 20140630093607.0 =006 =007 =008 =020 ##$$a 978-979-25-4710-8 =035 ##$$a 0010-061400000000726 =040 ##$$a NBPDMAT =082 ##$$a 650 =090 ##$$a 650 $b Sup i =100 ##$$a Supardi =245 ##$$a Ide bisnis bagi remaja / $c Dr.H.Supardi Bsc, MM =250 ##$$a Cet.1 =260 ##$$a Jogjakarta : $b Ak-Ruzz Media, $c 2011 =300 ##$$a 180 hlm. ; $c 20 cm. =650 ##$$a Bisnis =850 ##$$a NBPDMAT =990 ##$$a 21402662 =990 ##$$a 73957395 =990 ##$$a 21304870 =990 ##$$a 21402663 =990 ##$$a 21402664 =990 ##$$a 21402665 =990 ##$$a 21402666 =990 ##$$a 01201707395